000 00739cam a2200145 4500500
005 20260426010552.0
041 _afre
042 _adc
100 1 0 _aSinger, Christophe
_eauthor
245 0 0 _aFilip Noël, The Travel Narrative in the Gospel of Luke. Interpretation of Lk 9 :51-19 :28, Bruxelles, Koninkklijke Vlaamse Academie van België voor Wetenschappen en Kunsten, coll. « Collectanea Biblica et Religiosa Antiqua V », 2004. 26 cm. 483 p. ISBN 90-6569-909-0
260 _c2005.
500 _a4
786 0 _nÉtudes théologiques et religieuses | 80 | 3 | 2005-09-01 | p. 431e-436e | 0014-2239
856 4 1 _uhttps://shs.cairn.info/revue-etudes-theologiques-et-religieuses-2005-3-page-431e?lang=fr&redirect-ssocas=7080
999 _c2222538
_d2222538